<?xml version="1.0" encoding="UTF-8"?><?xml-stylesheet type="text/xsl" href="static/style.xsl"?><OAI-PMH xmlns="http://www.openarchives.org/OAI/2.0/" xmlns:xsi="http://www.w3.org/2001/XMLSchema-instance" xsi:schemaLocation="http://www.openarchives.org/OAI/2.0/ http://www.openarchives.org/OAI/2.0/OAI-PMH.xsd"><responseDate>2026-04-27T20:16:31Z</responseDate><request verb="GetRecord" identifier="oai:uvadoc.uva.es:10324/7824" metadataPrefix="marc">https://uvadoc.uva.es/oai/request</request><GetRecord><record><header><identifier>oai:uvadoc.uva.es:10324/7824</identifier><datestamp>2025-02-13T12:11:03Z</datestamp><setSpec>com_10324_38</setSpec><setSpec>col_10324_787</setSpec></header><metadata><record xmlns="http://www.loc.gov/MARC21/slim" xmlns:doc="http://www.lyncode.com/xoai" xmlns:xsi="http://www.w3.org/2001/XMLSchema-instance" xmlns:dcterms="http://purl.org/dc/terms/" xsi:schemaLocation="http://www.loc.gov/MARC21/slim http://www.loc.gov/standards/marcxml/schema/MARC21slim.xsd">
<leader>00925njm 22002777a 4500</leader>
<datafield tag="042" ind1=" " ind2=" ">
<subfield code="a">dc</subfield>
</datafield>
<datafield tag="720" ind1=" " ind2=" ">
<subfield code="a">Pérez-Accino García, Marta</subfield>
<subfield code="e">author</subfield>
</datafield>
<datafield tag="260" ind1=" " ind2=" ">
<subfield code="c">2013</subfield>
</datafield>
<datafield tag="520" ind1=" " ind2=" ">
<subfield code="a">En este trabajo se va a estudiar la labor desarrollada por los Catedráticos y&#xd;
Profesores encargados de la cátedra de Terapéutica, Materia Médica y Arte de Recetar en&#xd;
la Real Academia de Medicina y Cirugía de la Universidad de Valladolid durante el&#xd;
periodo 1875-1905 y se comparará con la de los profesores que les sucedieron durante el&#xd;
periodo de 1906-1979.&#xd;
Se han perdido numerosos documentos, colecciones de plantas y material científico,&#xd;
además,la Universidad sufrió en 1939 un pavoroso incendio que obligó a su&#xd;
reconstrucción, pero en el Archivo Histórico Universitario , en el Decanato de la Facultad&#xd;
de Medicina de la Universidad de Valladolid, en la Real Academia de Medicina y Cirugía&#xd;
de Valladolid, en la Hemeroteca de la Facultad de Medicina (Fondo Histórico) y en la&#xd;
Biblioteca Histórica de Santa Cruz queda material suficiente para realizar el estudio. Objetivos&#xd;
1. Analizar la labor de los profesores de Terapéutica, Materia Médica y Arte de&#xd;
Recetar que fueron nombrados Académicos de Número de la Real Academia de&#xd;
Medicina y Cirugía de Valladolid durante el Periodo 1875-1905.&#xd;
2. Comparar la labor de estos profesores con la de sus sucesores en el Periodo 1906-1979</subfield>
</datafield>
<datafield tag="024" ind2=" " ind1="8">
<subfield code="a">http://uvadoc.uva.es/handle/10324/7824</subfield>
</datafield>
<datafield ind1=" " ind2=" " tag="653">
<subfield code="a">Terapeútica médica</subfield>
</datafield>
<datafield tag="245" ind1="0" ind2="0">
<subfield code="a">Labor desarrollada por los catedráticos y profesores encargados de la cátedra de terapéutica, materia médica y arte de recetar en la Real Academia de Medicina y Cirugía de Valladolid durante el período 1857-1905 y su comparación con el período 1906-1979</subfield>
</datafield>
</record></metadata></record></GetRecord></OAI-PMH>